Účinnost investic ve vnitřním obchodě

Gespeichert in:
Bibliographische Detailangaben
1. Verfasser: Semeniuk, Petr
Weitere Verfasser: Mařík, Miloš
Format: Buch
Sprache:Tschechisch
Veröffentlicht: Praha Merkur 1982
Tags: Tag hinzufügen
Keine Tags, Fügen Sie das erste Tag hinzu!

MARC

LEADER 00000nam a2200000 4500
001 c131199
005 20041019155251.6
041 0 |a cze 
044 |a CZ 
245 1 0 |a Účinnost investic ve vnitřním obchodě  |c Petr Semeniuk, Miloš Mařík 
264 1 |a Praha  |b Merkur  |c 1982 
300 |a 251 s. 
100 1 |a Semeniuk, Petr 
700 1 |a Mařík, Miloš